Shortest wars and it's invader - Statistics

General Stats
  • This quiz has been taken 4 times
  • The average score is 7 of 8
Answer Stats
Hint Answer % Correct
1940 invasion of denmark Germany
100%
1940 Invasion of luxemborg Germany
100%
Six day war (Middle East) Israel
100%
Invasion of Georgia 2008 Russia
100%
Anglo-Zanizbar UK
100%
2026 invasion of Venezuela US
100%
Football war (war over a football match) El Salvador
50%
Six day war (Africa) Rwanda
25%
No matching quizzes found
Score Distribution
Percent of People with Each Score
Percentile by Number Answered
Your Score History
You have not taken this quiz